| 000 | 004800000a22001810004500 | ||
|---|---|---|---|
| 999 |
_c47556 _d47556 |
||
| 001 | 311 | ||
| 003 | CO-MdFUSB | ||
| 005 | 20180817173203.0 | ||
| 008 | 180709b xxu||||| |||| 00| 0 eng d | ||
| 020 | _a958-8177-14-6 | ||
| 040 | _cCO-MdBIC | ||
| 082 | 0 | 4 | _a153 G14ie |
| 100 | 1 | _aLopez de Bernal, Maria Helena | |
| 245 | 1 | 0 | _aInteligencia Emocional / Maria Helena Lopez de Bernal, Maria Fernanda Gonzalez Medina |
| 260 | _aColombia : Gamma | ||
| 300 | _a120 P. | ||
| 942 | _cLGB | ||